000 00712nam a2200229Ia 4500
003 OSt
005 20220923214308.0
006 a|||||r|||| 00| 0
007 ta
008 220922b |||||||| |||| 00| 0 hin d
024 _a168,495
037 _cTextual
040 _aARTS
_cARTS
_bhin
041 _2hin
_ahin
082 _aO152:1I80:11:9, J6
100 _aनारंग, इन्द्रचन्द्र
245 0 _aपदमावत का एतिहासिक आधार
246 _aPadamāvat kā etihāsik ādhāra
260 _c1956
942 _hO152:1I80:11:9, J6
_cTEXL
_2CC
999 _c322964
_d322964